| 000 | 01344cam a22004094i 4500 | ||
|---|---|---|---|
| 003 | PE-LiUPU | ||
| 005 | 20250731173244.0 | ||
| 008 | 150625s r 000 0 d | ||
| 035 | _a(Sirsi) a35382 | ||
| 040 |
_aPE-LiUPU _bspa _cPE-LiUPU _erda |
||
| 082 | 0 | 4 |
_a238 _bM58 _221 |
| 100 | 1 |
_aMiller, George A. _q(George Amos), _d1868-1961, _eautor. |
|
| 245 | 1 | 1 |
_a¡Viva sonriendo! : _bhistoria de la transformacion de un infiernillo familiar en un paraiso terrenal / _cpor Jorge A. Miller. |
| 264 | 1 | _a | |
| 336 |
_atext _2rdacontent |
||
| 337 |
_aunmediated _2rdamedia |
||
| 338 |
_avolume _2rdacarrier |
||
| 526 | _aSEG42 | ||
| 526 | _aSEG41 | ||
| 526 | _aSEG40 | ||
| 526 | _aSEG39 | ||
| 526 | _aP94 | ||
| 526 | _aP87 | ||
| 526 | _aP86 | ||
| 526 | _aP85 | ||
| 526 | _aP77 | ||
| 526 | _aP76 | ||
| 526 | _aP35 | ||
| 650 | 0 | 4 |
_aFamilias _xVida religiosa _vFicción. |
| 650 | 0 | 4 | _aFicción cristiana. |
| 910 | _a | ||
| 942 |
_2ddc _cBOOK |
||
| 949 |
_a238 M58 _wDEWEY _c1 _i01480 _lCCODEBUL1 _mBUL _p00.00 _r0 _sY _tBOOK _u2015-06-25 _xBIBLIOTECA _zUNKNOWN _0COMPRA _o.STAFF. Colección General |
||
| 596 | _a1 | ||
| 999 |
_a238 M58 _wDEWEY _c43340 _i01480 _f2021-11-11 _g5 _lCCODEBUL1 _mBUL _r0 _sY _tBOOK _u2015-6-25 _xTEOLOGIA _zUNKNOWN _0COMPRA _o.STAFF. Colección General _d43340 |
||
| 980 |
_81 _gALBERTO SANCHEZ Responsable de Automatización |
||